Gminy 28 okręgu wyborczego do sejmu (Częstochowa) - Statystyki

Ogólne statystyki
  • Ten quiz został rozwiązany 21 razy
  • Średni wynik to 20 z 39
Odpowiedzi na mapie
Odpowiedzi zakodowano w zielono-czerwonej skali na mapie do tego quizu, zgodnie z poniższymi procentami.
 
Statystyki odpowiedzi
Odpowiedź % Poprawnych
Kłobuck
94%
Blachownia
88%
Myszków
88%
Olsztyn
88%
Kłomnice
82%
Lubliniec
82%
Mstów
82%
Koniecpol
76%
Poczesna
76%
Herby
71%
Mykanów
71%
Poraj
71%
Rędziny
71%
Częstochowa
65%
Janów
65%
Konopiska
65%
Miedźno
65%
Koziegłowy
53%
Żarki
53%
Dąbrowa Zielona
47%
Kruszyna
47%
Krzepice
47%
Lelów
47%
Panki
47%
Przyrów
47%
Starcza
47%
Kamienica Polska
41%
Niegowa
41%
Popów
35%
Wręczyca Wielka
35%
Kochanowice
29%
Woźniki
29%
Przystajń
24%
Opatów
18%
Koszęcin
12%
Lipie
12%
Pawonków
12%
Boronów
6%
Ciasna
6%
Nie znaleziono quizów pasujących do podanych kryteriów
Rozkład punktacji
Procent ludzi z każdym wynikiem
Percentyl według liczby udzielonych odpowiedzi
Twoja historia wyników
Nie rozwiązałeś tego quizu